Prijali riaditeľa košického divadla z čias Mečiarovej vlády

Bibliographic Details
Main Author: Repčiak, Tomáš, 1972- (Author)
Corporate Author: Spišské divadlo (Author)
Format: Article
Language:Slovak
PhysicalDescription:1 foto
ISSN:1335-759X
Subjects:

MARC

LEADER 00000nab a2200000 a 4500
001 vtls001016092
003 SK-MaSNL
005 20260303201342.0
008 040720e20000120xo 0 slo
035 |a SN2043 
040 |a SNSK  |b slo  |c SNSK  |e AACR2 
041 0 |a slo 
044 |a xo  |c SK 
080 |a 792.075  |2 1981 
100 1 |a Repčiak, Tomáš,  |d 1972-  |4 aut  |9 103262 
245 1 0 |a Prijali riaditeľa košického divadla z čias Mečiarovej vlády 
300 |b 1 foto 
610 2 7 |a Spišské divadlo  |2 SNSK  |9 32010 
650 0 7 |a zmeny riaditeľov  |2 SNSK  |9 1021960 
650 0 7 |a informácie  |2 SNSK  |9 1285 
651 7 |a Spišská Nová Ves (Slovensko)  |2 SNSK  |9 28800 
651 7 |a SN,  |2 SNSK  |9 1021277 
655 7 |a periodikum  |2 snkbucl  |9 29553 
710 2 |a Spišské divadlo  |4 aut  |9 32010 
773 0 8 |t Spišský denník  |g Roč. 2, č.15, 20.1.2000, s. 8  |x 1335-759X 
852 |a ZVYKNI  |b KIS3GCP 
999 |c 2173514  |d 2175444